Score 0/50 Timer 06:00
0 Plays Today
Clue 4-Letter Word % Correct
Opposite of giveTAKE
95.7%
Opposite of pushPULL
94.9%
Twain or Wahlberg, e.g.MARK
93.5%
Fail to hitMISS
93.4%
Pester someone with your fingerPOKE
93.3%
What trickles through an hourglassSAND
93.3%
One-liner or pun, e.g.JOKE
93.1%
Actor Gyllenhaal of 'Donnie Darko'JAKE
92.7%
Area between seasLAND
92.3%
It's worn by Zorro or the Lone RangerMASK
92.1%
Soft sprayMIST
91.4%
Orb needed for many sportsBALL
91.1%
World ____ WebWIDE
90.9%
Sail supporterMAST
90.5%
AuthenticREAL
90.5%
Animal fatLARD
90.4%
Forcibly close a door quicklySLAM
90.2%
A rough vote or tallyPOLL
89.1%
How you find a light switch in the darkFEEL
88.8%
A rolling stone gathers none of thisMOSS
88.8%
Line where clothing is sewn togetherSEAM
88.5%
'Sittin' on the ____ of the bay'DOCK
88.5%
500 sheets of paperREAM
88%
A bird or a source of amusementLARK
87.9%
What unwatered flowers doWILT
87.5%
Clue 4-Letter Word % Correct
Propeller of a gondolaPOLE
87.3%
Prize for a boxerBELT
86.7%
Frustrated coyote's first nameWILE
86.4%
Enemies or opponentsFOES
86.1%
Money paid for servicesFEES
86%
Paddington or Fozzie, e.g.BEAR
85.9%
Outscore the other teamBEAT
85.7%
Ridicule, tauntMOCK
85.4%
Mark left by a bee stingWELT
85.1%
Homer Simpson's hang-outMOE'S
85.1%
Male deer or going to prom without a dateSTAG
84.9%
Stagger around drunkenlyREEL
84.8%
Early Robin Williams TV role, with MindyMORK
84.4%
'____ me Ishmael' - Moby-DickCALL
83.7%
Took on too much water, like a boatSANK
80.8%
Byproduct of smelting metalSLAG
79.8%
Remove rejected members of a groupCULL
79.5%
Dive behind a bushHIDE
79.3%
Char, burnSEAR
78.9%
Polaris or Rigel, e.g.STAR
78.4%
Ripped, shreddedTORE
77.9%
Hesitate, flinch backBALK
77.2%
Polio vaccine developer JonasSALK
76.8%
Weight of a container when emptyTARE
76.7%
Thomas, author of 'Utopia'MORE
74.2%

Today's Daily Dose

Missing Word
I Hardly Know Her!

Word Ladder
Sentence Ending

Quick Pick
Female Firsts

Get the Picture
Triathlon Sports

Remove Ads.
Support Sporcle.
Get the best of Sporcle when you Go Orange. This ad-free experience offers more features, more stats, and more fun while also helping to support Sporcle. Thank you for becoming a member.

You're not logged in!

Compare scores with friends on all Sporcle quizzes.
OR
Log In

Show Comments

Extras

Top Quizzes Today


Score Distribution

Your Account Isn't Verified!

In order to create a playlist on Sporcle, you need to verify the email address you used during registration. Go to your Sporcle Settings to finish the process.

Report this User

Report this user for behavior that violates our Community Guidelines.

Details: